000 00293nam a22001337a 4500
008 171101b xxu||||| |||| 00| 0 eng d
020 _a9781559632683
041 _aeng
080 _a339
100 _a59
101 _aTRE
245 _aTRADE AND THE ENVIRONMENT
_cZAELKE,D
942 _2udc
_cBK
999 _c37087
_d37087